000 00274nam a22001217a 4500
008 181121b xxu||||| |||| 00| 0 eng d
041 _aeng
080 _a370
100 _a49
101 _aedu
245 _aEveryyones An Author With Readings
_cAndrea.l
942 _2udc
_cBK
999 _c52244
_d52244